Precedente judicial en el Contencioso Administrativo estudio desde las fuentes del derecho /

Detalles Bibliográficos
Autor principal: Iregui Parra, Paola Marcela
Formato: eBook
Lenguaje:español
Publicado: Bogot:̀ Editorial Universidad de Rosario (Colombia), 2016
Materias:
Acceso en línea:Acceso restringido

MARC

LEADER 00000nam a22000007a 4500
005 20171009180014.0
007 cr|||| ||||
008 171009s2016 ck |||||s|||| 00||0 spa d
020 |a 978-958-738-780-3 
035 |a 20722 
040 |a vLex 
090 |c 7096  |d 7096 
100 1 |a Iregui Parra, Paola Marcela 
245 1 0 |a Precedente judicial en el Contencioso Administrativo  |h [Recurso electrn̤ico]:  |b estudio desde las fuentes del derecho /  |c Paola Marcela Iregui Parra 
256 |a Servicio en ln̕ea 
260 |a Bogot:̀  |b Editorial Universidad de Rosario (Colombia),  |c 2016 
300 |a 1 recurso electrn̤ico 
500 |a La historia del derecho colombiano refleja exactamente la forma cm̤o las instituciones y los gobernantes se han amoldado a las nuevas realidades de la sociedad. En este sentido, muchos cambios, han sido fruto de reclamaciones violentas, otras pacf̕icas, por reformas al gobierno, a la administracin̤, a las instituciones jurd̕icas, polt̕icas y sociales en general, reclamando justicia, igualdad y la proteccin̤ de los derechos de las personas. En este contexto se considera pertinente estudiar uno de los temas ms̀ tradicionales del derecho, sus fuentes, presentando las alteraciones que han sufrido, al reconocer la aparicin̤ de nuevas instituciones que han incursionado con fuerza en el ordenamiento, afectando la jerarqua̕ existente. A pesar de que el sistema colombiano se enmarca dentro del Sistema Romano Germano donde la ley es la principal fuente del derecho, en la actualidad, conceptos como el precedente judicial han tomado fuerza convirtiňdose verdaderamente en fuente del derecho colombiano, alterando la concepcin̤ cls̀ica de las fuentes y su organizacin̤ jerr̀quica tradicional de acuerdo al valor vinculante que se le ha otorgado. Lo cual se puede evidenciar en la Ley 1437 de 2011 en la que el legislador intervino en la materializacin̤ del concepto de precedente judicial en la Jurisdiccin̤ Contencioso Administrativa, con la creacin̤ de las sentencias de unificacin̤ y la posibilidad de extender los efectos de las mismas. Lo novedoso de la publicacin̤ es que la discusin̤ sobre la alteracin̤ de la jerarqua̕ de las fuentes del derecho, se aborda desde una perspectiva ter̤ica, pero desarrolla puntualmente, mecanismos como las sentencias de unificacin̤ y la extensin̤ de jurisprudencia, que posiblemente dan alcance al concepto de precedente judicial en el Contencioso Administrativo. 
506 1 |a Disponible solo en los productos indicados  |d vLex Global  |d vLex Global (Academic Edition, excluding Law Schools)  |d vLex Global (U.S. Academic Edition, Law Schools)  |d vLex Global (U.S. Academic Edition, excluding Law Schools)  |d vLex Global (Academic Edition, Law Schools) 
650 0 4 |a Derecho administrativo  |z Colombia 
650 0 4 |a Derecho procesal  |z Colombia 
650 0 4 |a Recurso contencioso administrativo  |z Colombia 
740 0 |a vLex Libros (Servicio en ln̕ea) 
856 4 0 |u http://vlex.com/source/precedente-judicial-en-el-contencioso-administrativo-estudio-desde-las-fuentes-del-derecho-20722  |z Acceso restringido 
942 |c BOOK 
999 0 |a Administrative courts 
999 0 |a Administrative law 
999 0 |a Procedure (Law)